00748nam a2200169Ia 4500001001100000003000500011008004100016010001100057040000900068100004100077245020900118260003400327300002300361502010500384700003900489710005000528Para_10147CHAP220125sNovi xx 000 0 und d a208841 cCHAP aMorales Hernández, Ranfery Gabriel açsensibilidad in vitro de Didymelia bryoniae en pepino (cucumis sativus) a diferentes fungicidas en la regiòn de Quintana Roo /c Ranfery Gabriel Morales Hernández; Director Bertha Tlapal Bolaños aChapingo, Méx. :b el autor a1 CDS ROM (s/n p.) aTesis (Ing. Agr. Esp. en Parasitología Agrícola). UACh. Departamento Parasitología Agrícola aTlapal Bolaños, Bertha. Director aUACh. Departamento Parasitología Agrícola